000 00544nam a2200181Ia 4500
003 IN-BaIIA
008 211028s9999 xx 000 0 eng d
020 _a480-60769-0
040 _cIIA Library
080 _a524.834
_bBOR
100 _aBorn, Max
_91579
245 0 _aEinstein's theory of relativity
_cMax Born
260 _aNew York
_bDover Publications
_c1965
300 _avii, 376p.
650 _aAstronomy and astrophysics thesaurus
650 _aGeneral relativity
_93824
942 _cBK
999 _c6547
_d6547